| 000 | 01642nam a2200385 a 4500 | ||
|---|---|---|---|
| 001 | ebr10657829 | ||
| 003 | CaPaEBR | ||
| 006 | m u | ||
| 007 | cr cn||||||||| | ||
| 008 | 130305s2013 enka sb 001 0 eng d | ||
| 020 | _z9781118449950 (pbk.) | ||
| 020 | _z9781118449967 (e-book) | ||
| 040 |
_aCaPaEBR _cCaPaEBR |
||
| 035 | _a(OCoLC)841325770 | ||
| 050 | 1 | 4 |
_aQA76.8.I64 _bN37 2013eb |
| 082 | 0 | 4 |
_a005.446 _223 |
| 100 | 1 | _aNapier, Rob. | |
| 245 | 1 | 0 |
_aiOS 6 programming _h[electronic resource] : _bpushing the limits : advanced application development for Apple iPhone, iPad, and iPod Touch / _cRob Napier and Mugunth Kumar. |
| 260 |
_aChichester, West Sussex : _bWiley, _c2013. |
||
| 300 |
_axviii, 534 p. : _bill. |
||
| 504 | _aIncludes bibliographical references and index. | ||
| 505 | 0 | _apt. I. What's new? -- pt. II. Getting the most out of everyday tools -- pt. III. The right tool for the job -- pt. IV. Pushing the limits. | |
| 533 |
_aElectronic reproduction. _bPalo Alto, Calif. : _cebrary, _d2013. _nAvailable via World Wide Web. _nAccess may be limited to ebrary affiliated libraries. |
||
| 630 | 0 | 0 | _aiOS (Electronic resource) |
| 630 | 0 | 0 | _aiPhone OS. |
| 650 | 0 |
_aiPhone (Smartphone) _xProgramming. |
|
| 650 | 0 |
_aiPad (Computer) _xProgramming. |
|
| 650 | 0 | _aiPod touch (Digital music player) | |
| 650 | 0 |
_aCell phones _xProgramming. |
|
| 650 | 0 | _aMobile computing. | |
| 655 | 7 |
_aElectronic books. _2local |
|
| 700 | 1 | _aKumar, Mugunth. | |
| 710 | 2 | _aebrary, Inc. | |
| 856 | 4 | 0 |
_uhttp://site.ebrary.com/lib/rucke/Doc?id=10657829 _zAn electronic book accessible through the World Wide Web; click to view |
| 999 |
_c64899 _d64899 |
||